00318nam a2200121Ia 4500008004100000041000800041082001400049100001300063245002900076260006700105300001300172365001100185240624s9999 xx 000 0 und d aeng a658.1 DAS aDASH A P aMERGERS AND ACQUISITIONS c2010aNew DelhibI. K. International Publishing House Pvt. Ltd a262 : p. cRSb27